000
00214nam a22000857a 4500
008
170616b xxu||||| |||| 00| 0 eng d
100
_9
3442
_a
Liang. J. D
245
_a
Java Programming
260
_a
New Delhi
_b
Pearson
_c
2009
999
_c
6817
_d
6817